Statistics for FIFA 23 Team of the Year Quiz

Click here to take the quiz!

General Stats

  • This quiz has been taken 44 times
  • The average score is 5 of 12

Answer Stats

HintAnswer% Correct
98Lionel Messi
94%
97Kareem Benzema
68%
97Kylian Mbappe
68%
97Kevin De Bruyne
53%
96Thibaut Courtois
44%
96Virgil Van Dijk
38%
96Erling Haaland
35%
94Achraf Hakimi
29%
96Luka Modric
29%
94Eder Militao
26%
95Jude Bellingham
26%
94Theo Hernandez
26%

Score Distribution

Percentile by Number Answered

Percent of People with Each Score

Your Score History

You have not taken this quiz